Catalog

Record Details

Catalog Search



Ethnologie der Jemenitischen Juden  Cover Image Book Book

Ethnologie der Jemenitischen Juden / von Erich Brauer

Brauer, Erich (Author).

Record details

  • Physical Description: xix, 402 s. : 4 tb. ; 8°
  • Publisher: Heidelberg : Carl Winters Universitätsbuchhandlung , 1934.

Content descriptions

General Note:
Mit 7 Textabbildungen, 8 Tafeln und 1 Karte

Available copies

  • 1 of 1 copy available at Common Catalog SPOK.

Holds

  • 0 current holds with 1 total copy.
Show Only Available Copies
Location Call Number / Copy Notes Barcode Shelving Location Status Due Date
ETS Library 296.09533 424470015481 Volný výběr Available -

LDR 00835nam a22002531a 4500
00135433
003CZ-PrJAB
00520170524091329.0
008101008s1934 gw e ger
035 . ‡a(CONS)12801
035 . ‡a(CZ PrSKC)gk05060683
040 . ‡aABA001 ‡bcze ‡cABA001
082 . ‡a296.09533
1001 . ‡aBrauer, Erich ‡4aut
24510. ‡aEthnologie der Jemenitischen Juden / ‡cvon Erich Brauer
260 . ‡aHeidelberg : ‡bCarl Winters Universitätsbuchhandlung , ‡c1934.
300 . ‡axix, 402 s. : ‡b4 tb. ; ‡c
4901 . ‡aKulturgeschichtliche Bibliothek ; ‡vReihe I. [Sv. 7.]
500 . ‡aMit 7 Textabbildungen, 8 Tafeln und 1 Karte
830 0. ‡aKulturgeschichtliche Bibliothek
8524 . ‡bETS ‡bETS ‡cVolný výběr ‡j296.09533 ‡p424470015481 ‡y$50.00
910 . ‡aABG450
999 . ‡a12801 ‡c12801 ‡tbiblio
905 . ‡uadmin
901 . ‡a35433 ‡b ‡c35433 ‡tbiblio ‡sets

Additional Resources